| 000 | 00333nmm a2200145 a 4500 | ||
|---|---|---|---|
| 003 | AR-BaBNM | ||
| 005 | 20251128203104.0 | ||
| 008 | 033119s1926 ||||||||||||||000 | spa|| | ||
| 040 | _cAR-BaBNM | ||
| 100 | 1 | _aLara, Juan B. | |
| 245 | 1 | 0 | _aNociones de geologĂa |
| 260 |
_a[S.l.] _bAndreetta _c1926 |
||
| 942 | _cBK | ||
| 998 | _cJacobzon | ||
| 999 |
_c1831 _d1831 |
||